Bilecik Bilecik Bilecik Bilecik Bilecik

Tahbizü'l-mathun : (Record no. 63505)

MARC details
000 -BAŞLIK
Sabit Uzunluktaki Kontrol Alanı 01608nam a22004697a 4500
001 - KONTROL NUMARASI
Control Dosyası 0063709
003 - KONTROL NUMARASI KİMLİĞİ
Kontrol Alanı KOHA_MİRAKIL
005 - EN SON İŞLEM TARİHİ ve ZAMANI
Kontrol Alanı 20260207004448.0
007 - FİZİKSEL TANIM SABİT ALAN - GENEL BİLGİ
Sabit uzunluklu kontrol alanı ta
008 - SABİT UZUNLUKTAKİ VERİ ÖGELERİ - GENEL BİLGİ
Sabit Alan 190304b2018 xx |||gr||||#0|||0|tur |
020 ## - ISBN - ULUSLARARASI STANDART KİTAP NUMARASI
Isbn 9789751740113
Nitelik bilgileri (tkm.)
020 ## - ISBN - ULUSLARARASI STANDART KİTAP NUMARASI
Isbn 9789751740120(c.1)
020 ## - ISBN - ULUSLARARASI STANDART KİTAP NUMARASI
Isbn 9789751740137(c.2)
020 ## - ISBN - ULUSLARARASI STANDART KİTAP NUMARASI
Isbn 9789751740373
Nitelik bilgileri (c.3)
020 ## - ISBN - ULUSLARARASI STANDART KİTAP NUMARASI
Isbn 9789751740618(c.4)9789751740625(c.5)
020 ## - ISBN - ULUSLARARASI STANDART KİTAP NUMARASI
Isbn 9789751740632(c.6)
040 ## - KATALOGLAMA KAYNAĞI
Özgün Kataloglama Kurumu TR-BiSEU
Kataloglama Dili tur
Çeviri Kurumu TR-BiSEU
Açıklama Kuralları rda
041 0# - DİL KODU
Metin ya da ses kaydının dil kodu tur
044 ## - YAYINLAYAN/ÜRETEN KURULUŞUN ÜLKE KODU
ISO country code tu
050 ## - SINIFLAMA ve YER NUMARASI
Sınıflama Numarası R128.3
Yer Numarası .I26 2018
100 0# - KİŞİ ADI
Yazar Adı (Kişi adı) İbn Sina.
245 1# - ESER ADI BİLDİRİMİ
Başlık Tahbizü'l-mathun :
Alt Eseradı vb. El-Kanun fİ't-Tıb Tercümesi/
Sorumluluk Bildirimi İbn Sina ; İbn Sina ; mütercim Tokadi Mustafa Efendi ; hazırlayanlar Mustafa Koç, Eyyüp Tanrıverdi.
264 #1 - ÜRERİM, YAYIN, DAĞITIM ve TELİF BİLDİRİMİ
Yayın yeri İstanbul :
Yayınlayan Türkiye Yazma Eserler Kurumu Başkanlığı
Yayın tarihi 2018
300 ## - FİZİKSEL TANIMLAMA
Sayfa, Cilt vb. 6 c. ;
Boyutları 28 cm
336 ## - İÇERİK TÜRÜ
Content type term metin
Content type code txt
Source rdacontent
337 ## - MEDYA TÜRÜ
Media type term aracısız
Media type code n
Source rdamedia
338 ## - TAŞIYICI TÜRÜ
Carrier type term cilt
Carrier type code nc
Source rdacarrier
490 1# - DİZİ BİLDİRİMİ
Dizi Bildirimi Türkiye Yazma Eserler Kurumu Başkanlığı yayınları ;
Cilt Numarası 98 Bilim ve felsefe serisi ;
-- 37
500 ## - GENEL NOT
Genel Not 1.c. : Külliyat
500 ## - GENEL NOT
Genel Not 2.c.: Müfredat
500 ## - GENEL NOT
Genel Not 3.c.: Teşrihat 1
500 ## - GENEL NOT
Genel Not 4.c.: Teşrihat 2
500 ## - GENEL NOT
Genel Not 5.c.: Cüz'iyat
500 ## - GENEL NOT
Genel Not 6.c.: Akrabadin Sözlük
650 #0 - KONU BAŞLIĞI EK GİRİŞ - KONU TERİMİ
Konusal terim veya coğrafi ad Eczacılık.
9 (RLIN) 63736
650 #0 - KONU BAŞLIĞI EK GİRİŞ - KONU TERİMİ
Konusal terim veya coğrafi ad Tıp.
9 (RLIN) 33803
650 #0 - KONU BAŞLIĞI EK GİRİŞ - KONU TERİMİ
Konusal terim veya coğrafi ad Medicine, Arab.
9 (RLIN) 25429
650 #0 - KONU BAŞLIĞI EK GİRİŞ - KONU TERİMİ
Konusal terim veya coğrafi ad Pharmaceutics.
9 (RLIN) 118155
830 1# - SERİ EK GİRİŞİ - TEKBİÇİM ESER ADI
Tekbiçim Başlık Türkiye Yazma Eserler Kurumu Başkanlığı yayınları ;
Volume number/sequential designation 98 Bilim ve felsefe serisi ;
-- 37
9 (RLIN) 84004
907 ## - LOCAL DATA ELEMENT G, LDG (RLIN)
a Tıp
942 ## - EK GİRİŞ ÖGELERİ (KOHA)
Source of classification or shelving scheme Library of Congress Classification
Koha item type Book
Holdings
Materyal Türü Kalıcı Konum Mevcut Konum Raf Yeri Sınıflandırma Kaynağı Edinim Bilgisi Ana Konular Alt Konular Yer Numarası Cilt Bilgisi Demirbaş Numarası Fatura Tarihi Geri Çekilme Durumu Kayıp Durumu Hasarlı Durumu Kredi için değil Kayıt Tarih Toplam Ödünçverme Son Görülme Tarihi Son Kontrol Tarihi Genel / Bağış Notu
Book Prof. Dr. Azmi Özcan Kütüphanesi Prof. Dr. Azmi Özcan Kütüphanesi Birûni Salonu Library of Congress Classification Bağış TIP Tıp (Genel) R128.3 .I26 2018 c.1 0063709 02/02/2026         04/03/2019   04/03/2025 04/03/2025 Türkiye Yazma Eserler Kurumu Başkanlığı
Book Prof. Dr. Azmi Özcan Kütüphanesi Prof. Dr. Azmi Özcan Kütüphanesi Birûni Salonu Library of Congress Classification Bağış TIP Tıp (Genel) R128.3 .I26 2018 c.2 0063710 02/02/2026         04/03/2019   04/03/2025 04/03/2025 Türkiye Yazma Eserler Kurumu Başkanlığı
Book Prof. Dr. Azmi Özcan Kütüphanesi Prof. Dr. Azmi Özcan Kütüphanesi Birûni Salonu Library of Congress Classification Bağış TIP Tıp (Genel) R128.3 .I26 2018 c.3 0063711 02/02/2026         04/03/2019   04/03/2025 04/03/2025 Türkiye Yazma Eserler Kurumu Başkanlığı
Book Prof. Dr. Azmi Özcan Kütüphanesi Prof. Dr. Azmi Özcan Kütüphanesi Birûni Salonu Library of Congress Classification Bağış TIP Tıp (Genel) R128.3 .I26 2018 c.4 0063712 02/02/2026         04/03/2019   04/03/2025 04/03/2025 Türkiye Yazma Eserler Kurumu Başkanlığı
Book Prof. Dr. Azmi Özcan Kütüphanesi Prof. Dr. Azmi Özcan Kütüphanesi Birûni Salonu Library of Congress Classification Bağış TIP Tıp (Genel) R128.3 .I26 2018 c.5 0063713 02/02/2026         04/03/2019   04/03/2025 04/03/2025 Türkiye Yazma Eserler Kurumu Başkanlığı
Book Prof. Dr. Azmi Özcan Kütüphanesi Prof. Dr. Azmi Özcan Kütüphanesi Birûni Salonu Library of Congress Classification Bağış TIP Tıp (Genel) R128.3 .I26 2018 c.6 0063714 02/02/2026         04/03/2019   04/03/2025 04/03/2025 Türkiye Yazma Eserler Kurumu Başkanlığı